000 00724nam a2200217 ar4500
001 1065
005 20221127090130.0
008 081119s xxua 00110 eng d
020 _a9780324382273(hpb) :
_cSR 657.00
082 0 4 _a658.4013
_bEv15 2008
_222
100 1 _aEvans, James R.
245 1 0 _aManaging for quality and performance excellence /
_cJames Evans, William Lindsay.
250 _a7th ed.
260 _aMason, Ohio :
_bThomson/South-Western,
_c2008.
300 _axxii, 783 p. :
_bill. ;
_c26 cm.
_e4 CD.
504 _aIncludes bibl. references and index.
650 4 _aQuality control.
650 4 _aQuality function development.
650 4 _aProduct management.
700 0 _aLindsay, William M.,
_ejt. auth.
999 _c1064
_d1064